The return of the king / (Record no. 9601)

MARC details
000 -LEADER
fixed length control field 01039nam a22002897a 4500
001 - CONTROL NUMBER
control field 9601
003 - CONTROL NUMBER IDENTIFIER
control field FISKH
005 - DATE AND TIME OF LATEST TRANSACTION
control field 20260126092953.0
008 - FIXED-LENGTH DATA ELEMENTS--GENERAL INFORMATION
fixed length control field 260126b cb ||||| |||| 00| 0 eng d
020 ## - INTERNATIONAL STANDARD BOOK NUMBER
International Standard Book Number 9780261102378
040 ## - CATALOGING SOURCE
Original cataloging agency FISKH
Language of cataloging eng
Transcribing agency FISKH
Modifying agency FISKH
050 ## - LIBRARY OF CONGRESS CALL NUMBER
Classification number PR6039 .O32
082 ## - DEWEY DECIMAL CLASSIFICATION NUMBER
Classification number 823.087661
100 ## - MAIN ENTRY--PERSONAL NAME
Personal name Tolkien , J.R.R.
245 ## - TITLE STATEMENT
Title The return of the king /
Statement of responsibility, etc. By J.R.R. Tolkien
260 ## - PUBLICATION, DISTRIBUTION, ETC.
Place of publication, distribution, etc. London :
Name of publisher, distributor, etc. Harper Collins Publishers ,
Date of publication, distribution, etc. 1955 .
300 ## - PHYSICAL DESCRIPTION
Extent 1567 pages :
Other physical details illustrations , maps ;
Dimensions 18 cm .
490 ## - SERIES STATEMENT
Series statement The lord of the rings
Volume/sequential designation Part 3
505 ## - FORMATTED CONTENTS NOTE
Formatted contents note Z <br/>
520 ## - SUMMARY, ETC.
Summary, etc. As the armies of the Dark Lord gather, Aragorn joins with the Riders of Rohan, Merry and Pippin escape into the Fangorn Forest and meet the Ents, Gandalf returns, and Sam and Frodo are separated after Frodo is captured by the Orcs.<br/>
521 8# - TARGET AUDIENCE NOTE
Target audience note 920 <br/>
Source Lexile estimate <br/>
521 8# - TARGET AUDIENCE NOTE
Target audience note J <br/>
Source Raz-Plus <br/>
650 ## - SUBJECT ADDED ENTRY--TOPICAL TERM
Topical term or geographic name entry element Hobbits
Form subdivision Fiction
650 ## - SUBJECT ADDED ENTRY--TOPICAL TERM
Topical term or geographic name entry element Lord of the Rings
Form subdivision Fiction
942 ## - ADDED ENTRY ELEMENTS (KOHA)
Source of classification or shelving scheme Dewey Decimal Classification
Koha item type Books
Suppress in OPAC No
Holdings
Withdrawn status Lost status Source of classification or shelving scheme Damaged status Not for loan Collection Home library Current library Shelving location Date acquired Total Checkouts Full call number Barcode Date last seen Price effective from Koha item type
    Dewey Decimal Classification     Fiction Footprints International School Library Network Toul Tom Poung Campus Footprints International School Library Network Toul Tom Poung Campus TTP Secondary Fiction Bookshelves 01/26/2026   TOL 823.087661 PR6039 .O32 2026-0117 01/26/2026 01/26/2026 Books